MARC

LEADER 00000nam0a2200000 4500
001 142500
005 20231101220954.0
020 |a RU  |b 86-25233 
035 |a (RuTPU)RU\TPU\book\154428 
090 |a 142500 
100 |a 20080908d1986 m y0rusy5003 ca 
101 0 |a rus 
102 |a RU 
105 |a ac z 011zd 
200 1 |a Об искусстве, о книге, о гравюре  |f В. А. Фаворский 
210 |a Москва  |c Книга  |d 1986 
215 |a 240 с.  |c ил. 
320 |a Библиогр. в примеч.: с. 227-229. 
320 |a Опубликованные тексты В. А. Фаворского: с. 230-233. 
320 |a Список иллюстраций: с. 236-237. 
600 1 |a Фаворский  |b В. А.  |c российский график  |c живописец  |f 1886-1964  |g Владимир Андреевич  |2 stltpush  |3 (RuTPU)RU\TPU\pers\11987  |9 3095 
600 1 |a Кончаловский  |b П. П.  |g Петр Петрович  |c российский живописец  |f 1876-1956  |2 stltpush  |3 (RuTPU)RU\TPU\pers\12397 
600 1 |a Сарьян  |b М. С.  |g Мартирос Сергеевич  |c российский живописец  |f 1880-1972  |2 stltpush  |3 (RuTPU)RU\TPU\pers\12338 
600 1 |a Бруни  |b Л. А.  |c советский график  |f 1894-1948  |g Лев Александрович  |2 stltpush  |3 (RuTPU)RU\TPU\pers\19997 
600 1 |a Купреянов  |b Н. Н.  |c художник  |c станковый и книжный график  |c гравер  |f 1894-1933  |g Николай Николаевич  |2 stltpush  |3 (RuTPU)RU\TPU\pers\16214  |9 5761 
600 1 |a Конашевич  |b В. М.  |c российский художник  |c книжный график  |f 1888-1963  |g Владимир Михайлович  |2 stltpush  |3 (RuTPU)RU\TPU\pers\13708  |9 4260 
600 1 |a Коненков  |b С. Т.  |g Сергей Тимофеевич  |c российский скульптор  |f 1874-1971  |2 stltpush  |3 (RuTPU)RU\TPU\pers\12396 
610 1 |a изобразительное искусство 
610 1 |a оформление книги 
610 1 |a гравюры на дереве 
610 1 |a воспоминания 
675 |a 76:655  |v 3 
686 |a Ч611.62  |2 rubbk 
700 1 |a Фаворский  |b В. А.  |c российский график  |c живописец  |f 1886-1964  |g Владимир Андреевич  |2 stltpush  |3 (RuTPU)RU\TPU\pers\11987  |9 3095 
801 0 |a RU  |b RuMRKP  |c 19950704  |g psbo 
801 1 |a RU  |b 63413507  |c 20080908  |g PSBO 
801 2 |a RU  |b 63413507  |c 20140530  |g PSBO 
942 |c BK